banner-ar

التحرر الوطنى : القضية المصرية فى المرحلة الاخيرة 1950 - 1954 / (Record no. 48763)

MARC details
000 -الفاتح
حقل البيانات ثابتة الطول 00579nam a2200157Ia 4500
008 - عناصر البيانات ثابتة الطول - معلومات عامة
حقل البيانات ثابتة الطول 140319s9999 xx 000 0 ara d
040 ## - مصدر الفهرسة
وكالة الفهرسة الأصلية GCL /
وكالة النسخ GCL
082 04 - رقم تصنيف ديوى العشرى
رقم التصنيف ق
رقم المادة 962.06
-- ف ت
100 1# - المدخل الرئيسى - إسم شخصى
الإسم الشخصى فادية سراج الدين
245 10 - بيان العنوان
العنوان التحرر الوطنى : القضية المصرية فى المرحلة الاخيرة 1950 - 1954 /
بيان المسئوليه,etc فادية سراج الدين
300 ## - الوصف المادى
التعداد 293 ص
490 ## - بيان السلسلة
عنوان السلسلة الهيئة العامة للاستعلامات
رقم المجلد/ التعيين التسلسلي 0
650 04 - المدخل الاضافى بالموضوع-مصطلح موضوعى
مصطلح موضوعي مصر - تاريخ - العصر الحديث (1805 - 1956 )
942 ## - عناصر المدخل الإضافي( كوها)
مصدر التصنيف او مخطط الترفيف Dewey Decimal Classification
Koha [default] item type كتاب
Holdings
حالة التراجع حالة الفقد حالة تلف ليس للاعارة المكان المؤقت الموقع الحالى تاريخ الاكتساب اجمالي اﻻعارات رقم الطلب الباركود تاريخ اخر مشاهدة تاريخ تفعيل السعر نوع وعاء كوها
        مكتبة القاهرة الكبرى مكتبة القاهرة الكبرى 03/26/2014   ق\962.06\ف ت 117504 03/26/2014 03/26/2014 كتاب
        مكتبة القاهرة الكبرى مكتبة القاهرة الكبرى 03/26/2014   ق\962.06\ف ت 117505 03/26/2014 03/26/2014 كتاب

Powered By

EGPV